| 000 | 00329cam a2200133ua 4500 | ||
|---|---|---|---|
| 020 | _a0 7069 0613 6 | ||
| 082 |
_a631.587 _bMIC/IR |
||
| 100 |
_aMichael, A.M . _9114 |
||
| 245 | _aIrrigation : Theory and Practice / | ||
| 250 | _a1 / | ||
| 260 |
_a : _bVikas Publishing House , _c1978. |
||
| 300 |
_a800 : _b` ; . |
||
| 942 | _cBK | ||
| 999 |
_c1761 _d1761 |
||